| 000 | 00491nam a2200181Ia 4500 | ||
|---|---|---|---|
| 003 | GCL | ||
| 008 | 140319s9999 xx 000 0 ara d | ||
| 040 |
_aGCL / _cGCL |
||
| 082 | 0 | 4 |
_a811.9 _bع ج |
| 100 | 1 | _aعبلة الروينى | |
| 245 | 1 | 0 |
_aالجنوبى / _cعبلة الروينى |
| 260 |
_aالقاهرة : _bمكتبة مدبولى |
||
| 300 |
_a214 ص ؛ _c18سم |
||
| 490 | _a | ||
| 650 | 0 | 4 | _aامل دنقل |
| 650 | 0 | 4 | _aالادباء - تراجم |
| 942 |
_2ddc _cBK |
||
| 999 |
_c38418 _d38418 |
||